| 000 | 00449nam a2200157Ia 4500 | ||
|---|---|---|---|
| 008 | 230312s9999||||xx |||||||||||||| ||und|| | ||
| 020 | _a81-297-0022-0 | ||
| 082 |
_a658.404 _bANG-P |
||
| 100 | _aAngus,Robert B. | ||
| 245 | 0 | _aPlanning ,Performing,and Controlling Projects | |
| 260 |
_bPearson Education _aIndia _c2003 |
||
| 300 | _a303 | ||
| 546 | _aEng. | ||
| 650 |
_aManagement _vSystematic Approach, Conception Phase, Study Phase |
||
| 942 | _cBK | ||
| 999 |
_c316 _d316 |
||